Catálogo

Pedagogía de la esperanza : (Registro nro. 66623)

Detalles MARC
000 -LEADER
fixed length control field 00815nam a2200217 u 4500
001 - CONTROL NUMBER
control field 66623
005 - DATE AND TIME OF LATEST TRANSACTION
control field 20180714074448.0
008 - FIXED-LENGTH DATA ELEMENTS--GENERAL INFORMATION
fixed length control field 170121s2011 mx r 000 0 spa d
020 ## - INTERNATIONAL STANDARD BOOK NUMBER
International Standard Book Number 978-607-03-0298-5
082 ## - DEWEY DECIMAL CLASSIFICATION NUMBER
Classification number 370.1
Item number FRE
100 1# - MAIN ENTRY--PERSONAL NAME
Personal name Freire, Paulo
Relator term autor
245 10 - TITLE STATEMENT
Title Pedagogía de la esperanza :
Remainder of title un reencuentro con la pedagogía del oprimido.
250 ## - EDITION STATEMENT
Edition statement Primera edición
264 ## - PRODUCTION, PUBLICATION, DISTRIBUTION, MANUFACTURE, AND COPYRIGHT NOTICE
Place of production, publication, distribution, manufacture Portugues
Name of producer, publisher, distributor, manufacturer Siglo editores
Date of production, publication, distribution, manufacture, or copyright notice 2015
300 ## - PHYSICAL DESCRIPTION
Extent 273 Páginas ;
Dimensions 23 cm.
336 ## - CONTENT TYPE
Content type term texto
Source rdacontent
337 ## - MEDIA TYPE
Media type term sin mediación
Source rdamedia
338 ## - CARRIER TYPE
Carrier type term volumen
Source rdacarrier
650 #0 - SUBJECT ADDED ENTRY--TOPICAL TERM
Topical term or geographic name entry element Freire, Paulo, 1921-1997. 2. Educación- Filosofía-3.Educación Popular.4. Sociología educativa. 5. Enseñanza
700 1# - ADDED ENTRY--PERSONAL NAME
Personal name Araujo Freire, Ana María, colaborador. III. Mastragelo, Stella,
Relator term trad.
Existencias
Withdrawn status Lost status Source of classification or shelving scheme Damaged status Not for loan Collection code Home library Current library Shelving location Date acquired Source of acquisition Total Checkouts Full call number Barcode Date last seen Price effective from Koha item type
    Dewey Decimal Classification   Consulta en sala General Tehuacán Tehuacán Sala general 21/01/2017 Compra   370.1 FRE 2011 510367 08/01/2025 03/03/2017 Reserva permanente